[Event "Wch U14"]
[Site "Florianopolis"]
[Date "2024.11.05"]
[Round "7"]
[White "Ortiz Bogdanov, Santiago"]
[Black "Costantino, Claudio Emanuele"]
[Result "0-1"]
[WhiteElo "1692"]
[BlackElo "2028"]
[PlyCount "122"]
[EventDate "2024.10.29"]
[EventType "swiss"]
[EventRounds "11"]
[EventCountry "BRA"]
[SourceTitle "CB45_2024"]
[Source "ChessBase"]
[SourceDate "2024.11.06"]
[SourceVersion "1"]
[SourceVersionDate "2024.11.06"]
[SourceQuality "1"]

1. e4 c5 2. Nf3 e6 3. d4 cxd4 4. Nxd4 Nf6 5. Nc3 Nc6 6. Bf4 Bb4 7. Nxc6 bxc6 8. Bd3 d5 9. e5 Nd7 10. 0-0 0-0 11. a3 Be7 12. Qh5 g6 13. Qh6 Re8 14. Ne2 c5 15. c3 Bf8 16. Qh3 Bg7 17. Qe3 Qb6 18. Rab1 c4 19. Qxb6 axb6 20. Bc2 Bxe5 21. Rfe1 Bxf4 22. Nxf4 Kf8 23. g4 Nc5 24. f3 Bd7 25. Kf2 Bc6 26. Rbd1 Rad8 27. h4 e5 28. Ne2 Rd7 29. Rd2 Red8 30. Red1 d4 31. cxd4 exd4 32. Rxd4 Rxd4 33. Rxd4 Rxd4 34. Nxd4 Ba4 35. Bxa4 Nxa4 36. b3 cxb3 37. Nxb3 Nb2 38. Na1 Ke7 39. Nc2 Kd6 40. Ke3 Kc5 41. Kd2 Kc4 42. f4 Kb3 43. h5 Nc4+ 44. Kd3 Nxa3 45. hxg6 hxg6 46. Nd4+ Kb4 47. g5 Kc5 48. f5 gxf5 49. Nxf5 Nc4 50. Nh4 Ne5+ 51. Ke3 b5 52. Kd2 Kd4 53. Kc2 Kc4 54. Ng2 b4 55. Ne3+ Kd4 56. Ng2 Kc5 57. Nf4 Kc4 58. Ne2 Nd3 59. Kd2 b3 60. Ng3 Nb4 61. Nf1 b2 0-1

[Event "Wch U14"]
[Site "Florianopolis"]
[Date "2024.11.01"]
[Round "4"]
[White "Dos Santos, Gabriel Conte"]
[Black "Ortiz Bogdanov, Santiago"]
[Result "1/2-1/2"]
[WhiteElo "1594"]
[BlackElo "1692"]
[PlyCount "51"]
[EventDate "2024.10.29"]
[EventType "swiss"]
[EventRounds "11"]
[EventCountry "BRA"]
[SourceTitle "CB45_2024"]
[Source "ChessBase"]
[SourceDate "2024.11.06"]
[SourceVersion "1"]
[SourceVersionDate "2024.11.06"]
[SourceQuality "1"]

1. d4 d5 2. Nf3 Nf6 3. e3 Bf5 4. Bd3 Bxd3 5. Qxd3 c6 6. b3 e6 7. Bb2 Nbd7 8. Nbd2 Bd6 9. 0-0 0-0 10. Rac1 Re8 11. Ne5 a5 12. c4 a4 13. Nxd7 Qxd7 14. c5 Bc7 15. b4 e5 16. dxe5 Bxe5 17. Bxe5 Rxe5 18. Nf3 Ree8 19. Rfd1 Ng4 20. e4 Nf6 21. exd5 Nxd5 22. b5 Rad8 23. bxc6 bxc6 24. Rc4 Qe7 25. Qb1 Rb8 26. Qc1 1/2-1/2

[Event "World Cup U12 Prel"]
[Site "Tornelo INT"]
[Date "2021.08.06"]
[Round "7"]
[White "Abhyuday, Santhosh"]
[Black "Ortiz Bogdanov, Santiago"]
[Result "1-0"]
[WhiteElo "1474"]
[BlackElo "1187"]
[PlyCount "159"]
[EventDate "2021.08.06"]
[EventType "swiss (rapid)"]
[EventRounds "10"]
[EventCountry "NET"]
[SourceTitle "EXT 2025"]
[Source "ChessBase"]
[SourceDate "2024.10.14"]
[SourceVersion "1"]
[SourceVersionDate "2024.10.14"]
[SourceQuality "1"]

1. e4 e5 2. Nf3 Nf6 3. Nxe5 Nc6 4. Nxc6 dxc6 5. d3 Bc5 6. h3 0-0 7. Nc3 Be6 8. Bd2 Re8 9. Qf3 Nd7 10. 0-0-0 b5 11. Kb1 a5 12. Bf4 a4 13. d4 Bb6 14. d5 cxd5 15. Nxd5 Bxd5 16. Rxd5 c6 17. Rd1 Qe7 18. Bd3 Ne5 19. Bxe5 Qxe5 20. Rhf1 Rf8 21. Qe2 b4 22. f4 Qe7 23. e5 a3 24. Qe4 f5 25. exf6 Qxe4 26. Bxe4 Rxf6 27. g4 h6 28. f5 Re8 29. Rfe1 Rc8 30. Rd7 axb2 31. Bd3 Bf2 32. Ree7 Kf8 33. Kxb2 Re8 34. Rxe8+ Kxe8 35. Rb7 Bd4+ 36. Kb3 Bc3 37. Rxg7 c5 38. Rc7 Kd8 39. Rxc5 Rb6 40. Rb5 Rd6 41. Bc4 Ke7 42. Rd5 Rb6 43. Rd3 Rc6 44. Re3+ Kf8 45. Re6 Rc7 46. Rxh6 Ra7 47. Bd5 Ra3+ 48. Kc4 Bg7 49. Rh7 Rc3+ 50. Kxb4 Rxc2 51. a4 Rb2+ 52. Bb3 Bf6 53. Rb7 Be7+ 54. Kc3 Rh2 55. a5 Rxh3+ 56. Kc4 Rg3 57. Bd1 Rg1 58. Rb1 Re1 59. a6 Rf1 60. a7 Rf4+ 61. Kb5 Rd4 62. a8Q+ Kf7 63. Bb3+ Kf6 64. Qh8+ Kg5 65. Qg7+ Kf4 66. Rf1+ Ke4 67. Qxe7+ Kd3 68. Rd1+ Kc3 69. Qe3+ Kb2 70. Qxd4+ Ka3 71. Qa4+ Kb2 72. Rd2+ Kc3 73. Rc2+ Kd3 74. Qc4+ Ke3 75. Re2+ Kf3 76. Qe4+ Kg3 77. g5 Kh3 78. Bc4 Kg3 79. Rg2+ Kh3 80. Qg4# 1-0

[Event "World Cup U12 Prel"]
[Site "Tornelo INT"]
[Date "2021.08.06"]
[Round "8"]
[White "Ortiz Bogdanov, Santiago"]
[Black "Bianchi Santaria, Andy Ronald"]
[Result "0-1"]
[WhiteElo "1187"]
[BlackElo "1328"]
[PlyCount "90"]
[EventDate "2021.08.06"]
[EventType "swiss (rapid)"]
[EventRounds "10"]
[EventCountry "NET"]
[SourceTitle "EXT 2025"]
[Source "ChessBase"]
[SourceDate "2024.10.14"]
[SourceVersion "1"]
[SourceVersionDate "2024.10.14"]
[SourceQuality "1"]

1. e4 c6 2. d4 d5 3. e5 c5 4. Nf3 Nc6 5. Bb5 Bg4 6. h3 Bxf3 7. Qxf3 e6 8. Be3 Qb6 9. Bxc6+ Qxc6 10. c3 Ne7 11. 0-0 Ng6 12. Nd2 Be7 13. Rfc1 0-0 14. c4 dxc4 15. Qxc6 bxc6 16. Rxc4 cxd4 17. Bxd4 Rfd8 18. Nf3 Nf4 19. Be3 Nd5 20. Rxc6 Nxe3 21. fxe3 Rab8 22. b3 h6 23. Rac1 Ba3 24. Rf1 Rd3 25. Kf2 Rbd8 26. Ke2 R3d5 27. Ra6 Bc5 28. Ra5 Bb6 29. Rxd5 Rxd5 30. e4 Ra5 31. a4 Rc5 32. Rb1 Rc2+ 33. Nd2 Ba5 34. b4 Bc7 35. Kd3 Ra2 36. Nc4 Rxa4 37. b5 Kf8 38. b6 axb6 39. Nxb6 Bxb6 40. Rxb6 Ra8 41. Ke3 g5 42. Kf3 Kg7 43. Kg4 Kg6 44. Rb4 Ra3 45. h4 h5# 0-1